LEADER 01179nam a2200277 i 4500 001 000000183915 003 CaOOAMICUS 005 20091209000000.0 008 091209s2009 it u000 u ita u 013 $a161885 020 $a978-88-7180-811-6 040 $aSeMil$bita 100 1 $aArnould, Jacques <1961- >.$0(OLS)http://semarc/name/29800 240 10$aPierre Teilhard de Chardin.$0(OLS)http://semarc/title/133289 245 10$aTeilhard de Chardin :$beretico o profeta? : [biografia] /$cJacques Arnould. 260 $aTorino :$bLindau,$c2009. 300 $a469 p. ;$c21 cm. 490 0 $aI pellicani 600 14$aTeilhard de Chardin, Pierre .$0(OLS)http://semarc/subject/2657 830 2$aI pellicani.$0(OLS)http://semarc/title/23653 850 $aSeMil 852 $aSeMil$W1$xVenegono$y1$m2D III 292$j134611$B134611$CSeMilBibl$Z2$F146316 $81 961 $aOmaggio per recensione: Scuola Cattolica 996 $6020$a978-88-7180-811-6$9(OLS)http://semarc/number/173756 996 $6245$aTeilhard de Chardin :$beretico o profeta? : [biografia]$9(OLS)http://semarc/title/263937 996 $6260$aTorino :$bLindau$9(OLS)http://semarc/publisher/32348 LEADER 01277nam a2200265 i 4500 001 000000118582 003 CaOOAMICUS 005 20031003000000.0 008 031003s1982 it u000 u ita u 013 $a91275 040 $aSeMil$bita 100 1 $aSetti Carraro, Antonia.$0(OLS)http://semarc/name/17711 245 10$aCarità e tormento :$bsorella, matricola 13513 : memorie di una crocerossina (1940-1946) /$cAntonia Setti Carraro. 260 $aMilano :$bMursia,$ccopyr. 1982. 300 $a321 p., [16] p. di tav. ;$c21 cm. 490 0 $aTestimonianze fra cronaca e storia ;$v116 500 $aIn preliminari : Dedica autografa dell'Autore. - Fondo Card. C.M. Martini. 650 4$aCroce Rossa Italiana - Guerra mondiale 1939-1940 - Diari e memorie.$0(OLS)http://semarc/subject/22136 830 0$aTestimonianze fra cronaca e storia [Mursia] ;$v116.$0(OLS)http://semarc/title/17659 850 $aSeMil 852 $aSeMil$W1$xVenegono$y1$m3U III 286$j73880$B73880$CSeMilBibl$Z2$F98830 $81 941 1 $a4 961 $aOmaggio: Martini Card. Carlo Maria 996 $6245$aCarità e tormento :$bsorella, matricola 13513 : memorie di una crocerossina (1940-1946)$9(OLS)http://semarc/title/174216 996 $6260$aMilano :$bMursia$9(OLS)http://semarc/publisher/30230